|
|
|
|
| LEADER |
02291nam a2200373 a 4500 |
| 001 |
GR-Patra30719 |
| 008 |
090401s2008 gr e b 000 0 gre d |
| 020 |
|
|
|a 9789602869796
|
| 041 |
1 |
|
|a gre
|h eng
|
| 082 |
|
0 |
|a 617.8
|2 22
|
| 100 |
1 |
|
|a Martin, Frederick N.
|
| 245 |
1 |
0 |
|a Ακοολογία /
|c Frederick N. Martin, John Greer Clark ; μετάφραση: Ειρήνη Γερμπανά, Γεωργία Λινάρδου ; επιμέλεια: Νικόλαος Τρίμμης.
|
| 260 |
|
|
|a Αθήνα :
|b 'Ελλην,
|c c2008
|
| 300 |
|
|
|a 571 σ. :
|b εικ.
|
| 500 |
|
|
|a Σύστημα "ΕΥΔΟΞΟΣ": αρ. εισ. 56593-56594, 61915
|
| 500 |
|
|
|a Τίτλος πρωτοτύπου: Introduction to audiology.
|
| 504 |
|
|
|a Περιλαμβάνει βιβλιογραφικές αναφορές.
|
| 610 |
|
4 |
|a Σύστημα ΕΥΔΟΞΟΣ
|
| 650 |
|
4 |
|a Ακοή, Διαταραχές της
|
| 650 |
|
4 |
|a ΑΚΟΟΛΟΓΙΑ
|
| 700 |
1 |
|
|a Clark, John Greer
|
| 700 |
1 |
|
|a Γερμπανά, Ειρήνη
|
| 700 |
1 |
|
|a Λινάρδου, Γεωργία
|
| 700 |
1 |
|
|a Τρίμμης, Νικόλαος
|
| 710 |
0 |
|
|a Ελλην
|
| 935 |
|
|
|a ΑΚΟΟ**************MARF001**7D8675000
|
| 942 |
|
|
|2 ddc
|
| 952 |
|
|
|0 0
|1 0
|2 ddc
|4 0
|6 617_800000000000000_MAR
|7 0
|9 312695
|a LISK
|b LISK
|c EUD
|d 2021-01-17
|e 24
|f 0
|g 0.00
|l 2
|m 1
|o 617.8 MAR
|p 92410056594
|r 2021-11-02 00:00:00
|s 2021-10-12
|t 1
|w 2021-01-17
|y BK15
|x 20130530 0 1
|x GrPaTEI
|
| 952 |
|
|
|0 0
|1 0
|2 ddc
|4 0
|6 617_800000000000000_MAR
|7 0
|9 312696
|a LISK
|b LISK
|c EUD
|d 2021-01-17
|e 24
|f 0
|g 0.00
|l 0
|o 617.8 MAR
|p 92410061915
|r 2021-01-17 00:00:00
|t 1
|w 2021-01-17
|y BK15
|x 20160223 0 1
|x GrPaTEI
|
| 952 |
|
|
|0 0
|1 0
|2 ddc
|4 0
|6 617_800000000000000_ΜΑΡ
|7 0
|9 312697
|a LISK
|b LISK
|c BSC
|d 2021-01-17
|e 24
|f 1
|g 0.00
|l 0
|o 617.8 ΜΑΡ
|p 92410057146
|r 2021-01-17 00:00:00
|t 1
|w 2021-01-17
|y BK15
|x 20130617 0 1
|x GrPaTEI
|
| 952 |
|
|
|0 0
|1 0
|2 ddc
|4 0
|6 617_800000000000000_MAR
|7 1
|9 312698
|a LISK
|b LISK
|c EUD
|d 2021-01-17
|e 24
|f 0
|g 0.00
|l 0
|o 617.8 MAR
|p 92410056593
|r 2021-01-17 00:00:00
|t 1
|w 2021-01-17
|y BKN
|x 20130530 0 0
|x GrPaTEI
|
| 952 |
|
|
|0 0
|1 0
|2 ddc
|4 0
|6 617_800000000000000_ΜΑΡ
|7 0
|9 312703
|a LISK
|b LISK
|c ALF
|d 2021-01-17
|e 24
|f 1
|g 0.00
|l 0
|o 617.8 ΜΑΡ
|p 92410057147
|r 2021-01-17 00:00:00
|t 1
|w 2021-01-17
|y BK15
|x 20130617 0 1
|x GrPaTEI
|
| 971 |
|
|
|a .b26782911
|b 15-04-20
|c 26-09-16
|
| 999 |
|
|
|c 179195
|d 179195
|